000 00654nam a2200277Ia 4500
005 20260324123259.0
008 008 260324s9999 xx 000 0 eng d
020 _a9781315606637
037 _aEBOOK
040 _aCRL
040 _beng
040 _cCRL
041 _2eng
041 _aeng
084 _qCRL
100 _aPatrick R. Query
_91169713
245 0 _aRitual and the Idea of Europe in Interwar Writing
260 _bTaylor and Francis
260 _c2012
365 _a
365 _b150
856 _uhttp://www.taylorfrancis.com/books/9781315606637
942 _cEBOOK
999 _c1763102
_d1763102